000 01252nam a22002297a 4500
008 121001t xxu||||| |||| 00| 0 eng d
020 _a9-9661-5326-5
082 _222 ed.
_a346.0682
_bBAK
100 _aBakibinga, David J.
_91693
245 _aPartnership law in Uganda /
_c David J. Bakibinga
260 _aKampala, Uganda :
_bLaw Africa Publishing (U) Ltd.
_c2012
300 _axxx, 195 p. :
_c28 cm.
500 _aIncludes Index
650 _aPartnerships
_96794
650 _aPartnership law in Uganda
_96795
942 _2ddc
_cBK
999 _c5208
_d5208